000 00657naa a2200217 i 4500
001 94142
003 ES-MaBCM
005 20241016130100.0
008 031121s2003 esp 000 0 spa d
021 _axx
035 _a(OCoLC)1365153465
040 _cES-MaBCM
041 0 _aspa
043 _aesp
110 2 _aAnalistas de Relaciones Industriales
_950404
245 1 0 _aEl debate de los convenios está servido
_cAnalistas de Relaciones Industriales
650 2 7 _aConvenio colectivo
_958123
651 2 4 _aEspaña
_9115342
773 0 _aEn:
_tRelaciones laborales
_dMadrid : 2003
_gaño XIX, n. 21, nov., p. 67-75. - Loc. S.61
_w104507
942 _cAREV
999 _c94142
_d94142